000 00722nam a22002297a 4500
999 _c14230
_d14230
003 AR-CdUCM
008 190422b ||||| |||| 00| 0 spa d
020 _a968-494-019-X
040 _aMUNICIPALIDAD PROVINCIAL DEL CUSCO
_cBIBLIOTECA MUNICIPAL DEL CUSCO
082 _aEP / 372.869 /
_bP48
100 _aPettersson, Aline
_932917
245 _aEl papalote y el nopal /
260 _aMexico :
_bCidcli,
_bSEP cultura,
_bDireccion general de publicaciones,
_c1985.
300 _a38 paginas ;
_bilustraciones,
_c23 cm.
500 _aCuentos
650 _aCuentos
_9217
650 _aLiteratura
_983
650 _aHistoria
_9136
700 _aRamírez, Heraclio
_932918
942 _2ddc
_cLIBROS
945 _apjha
_d2019-04-22